NEET 2023 Crash Course Physics (Record no. 215983)

MARC details
000 -LEADER
fixed length control field 00623nam a22001937a 4500
005 - DATE AND TIME OF LATEST TRANSACTION
control field 20260427124444.0
010 ## - LCCN (DPL NO)
LC control number ENG-147853
020 ## - INTERNATIONAL STANDARD BOOK NUMBER
International Standard Book Number 9789371362481
Terms of availability 450.00
035 ## - SYSTEM CONTROL NUMBER
System control number EN-131385
037 ## - SOURCE OF ACQUISITION
Source of stock number/acquisition DBAD
082 ## - DEWEY DECIMAL CLASSIFICATION NUMBER
Edition number 1
Classification number 530
245 ## - TITLE STATEMENT
Title NEET 2023 Crash Course Physics
250 ## - EDITION STATEMENT
Edition statement 1
260 ## - PUBLICATION, DISTRIBUTION, ETC. (IMPRINT)
Place of publication, distribution, etc Uttar Pradesh
Name of publisher, distributor, etc Pearson India Education Services Pvt. Ltd.
Date of publication, distribution, etc 2026
270 ## - ADDRESS
Address 1st Floor, Berger Tower, Plot No. C-001A/2, Sector 16B, Noida - 201 301, Uttar Pradesh, India.
300 ## - PHYSICAL DESCRIPTION
Extent vpp.
Dimensions 25cm(pb)
500 ## - GENERAL NOTE
General note A Complete Guide for NEET (UG) Aspirants
942 ## - ADDED ENTRY ELEMENTS (KOHA)
Source of classification or shelving scheme Dewey Decimal Classification
Item type English Books
Edition 1
Classification part 530
Call number suffix NEE
Holdings
Withdrawn status Lost status Not for loan Collection code Home library Current library Date acquired Source of acquisition Cost, normal purchase price Full call number Barcode Copy number Cost, replacement price Koha item type
      Non-fiction Sarojini Nagar Sarojini Nagar 27/04/2026 Delivery of Books Act Division 450.00 530 NEE EN-131385 1 450.00 English Books

© Delhi Public Library
Hit Counter
free hit counter